Villes ayant un club en Marmara SpikeLigue (Volley) - Mort Subite - Statistiques

Statistiques générales
  • Ce quiz a été pris 420 fois
    418 depuis la dernière actualisation
  • Le résultat moyen est 8 sur 13
Answers on the Grid
Answers color-coded by a green-red scale on the quiz's grid according to % correct below.
Tourcoing
Montpellier
Cannes
Nice
Poitiers
Sète
Toulouse
Chaumont
Saint-Nazaire
Paris
Narbonne
Tours
Le Plessis-Robinson
Nantes
Rennes
Roubaix
Ajaccio
Fréjus
Bordeaux
Nancy
Saint-Jean d'Illac
Saint-Quentin
Cambrai
Limoges
Reims
La Roche-sur-Yon
Strasbourg
Marseille
Aurillac
Lyon
 
Statistiques - réponses
Réponse % Correct
Paris
68%
Montpellier
65%
Poitiers
64%
Tours
64%
Tourcoing
62%
Toulouse
59%
Chaumont
58%
Sète
58%
Le Plessis-Robinson
54%
Saint-Nazaire
54%
Cannes
51%
Narbonne
48%
Nice
47%
Aucun quiz correspondant
Distribution des résultats
% des personnes avec chaque résultat
Percentile par nombre de réponses
Votre historique - résultats
Vous n’avez pas pris ce quiz depuis la dernière actualisation